Normal view
MARC view
- Ago,Viola
Entry Personal Name
001 - CONTROL NUMBER
- control field: 123300
003 - CONTROL NUMBER IDENTIFIER
- control field: NUST
005 - DATE AND TIME OF LATEST TRANSACTION
- control field: 20240606100900.0
008 - FIXED-LENGTH DATA ELEMENTS
- fixed length control field: 240606|| aca||aabn | a|a d
040 ## - CATALOGING SOURCE
- Original cataloging agency: NUST
- Transcribing agency: NUST
100 ## - HEADING--PERSONAL NAME
- Personal name: Ago,Viola
670 ## - SOURCE DATA FOUND
- Source citation: Work cat.: (NUST): Alt-Form:
